Holiday Quiz

Random Holiday or Christmas Quiz

Click the Night Before Christmas Quiz Stats

 Plays Quiz Updated Apr 2, 2020

Support Sporcle.
Go Orange.
Score 0/38 Timer 08:00
3 Plays Today
% Correct
not a creature was stirring
83.8%
not even a mouse
83.3%
the children were nestled
82.8%
all snug in their beds
82.2%
to all a good night
81.5%
up the chimney he rose
81.5%
arose such a clatter
81.3%
all through the house
81.3%
sprang from the bed
80.8%
chimney with care
79.7%
heard him exclaim
78.7%
his nose like a cherry
78.6%
danced in their heads
78.5%
visions of sugar-plums
78.2%
I flew like a flash
77.6%
what to my wondering eyes
77.5%
threw up the sash
76.9%
Happy Christmas to all
76.1%
must be St. Nick
75.7%
% Correct
spoke not a word
75.3%
eight tiny reindeer
75.3%
filled all the stockings
75.2%
like a bowlful of jelly
75.2%
I laughed when I saw him
74.8%
dash away all!
74.3%
his dimples how merry
74.2%
so lively and quick
74.1%
now Dasher!
73.7%
what was the matter
70.1%
long winter's nap
70%
tarnished with ashes and soot
67.3%
in spite of myself
67.1%
dressed all in fur
65.6%
the coursers they flew
64.3%
miniature sleigh
61.7%
beard of his chin
61.3%
chubby and plump
53.5%
St. Nicholas
52%

You're not logged in!

Compare scores with friends on all Sporcle quizzes.
OR
Log In

From the Vault

Only Winning Seasons (2000s)

by corndog

These teams are giving their fans something to cheer about.
Remove Ads.
Support Sporcle.
Get the best of Sporcle when you Go Orange. This ad-free experience offers more features, more stats, and more fun while also helping to support Sporcle. Thank you for becoming a member.

Show Comments

Extras

Top Quizzes Today


Score Distribution

Your Account Isn't Verified!

In order to create a playlist on Sporcle, you need to verify the email address you used during registration. Go to your Sporcle Settings to finish the process.

Report this User

Report this user for behavior that violates our Community Guidelines.

Details: